000 00517nam a2200169 4500
001 42821
090 _a42821
100 _a20240306 pory50
101 _apor
102 _aPT
200 _ao Principezinho
_dThe little prince
_fRealiz. e prod. Stanley Donen
_gbaseado na obra de Saint-Exupéry
_gact.s: Bob Fosse , Steven Warner , ... [et al.]
210 _cParamount pictures
_cdist. Zon Lusomundo
_dcop. 1974
215 _a1 DVD
300 _a90 min M/6
675 _a82-312.9
801 _aPT
_gRPC
990 _cFILMES DVD